000 00958cam a2200289 i 4500
001 21121420
003 OSt
005 20250616124246.0
008 190806s2018 enka 001 0 eng
020 _a9780198398172 (paperback)
040 _aDLC
_beng
_erda
_cNUST
_dNUST
050 0 0 _aBF131 POP
100 1 _aPopov, Alexey,
_eAuthor.
245 1 0 _aPsychology for the IB diploma /
_cAlexey Popov.
250 _aSecond edition.
260 _aOxford :
_bOxford University Press,
_c©2018.
300 _a204 pages :
_billustrations ;
_c30 cm.
336 _atext
_btxt
_2rdacontent
337 _aunmediated
_bn
_2rdamedia
338 _avolume
_bnc
_2rdacarrier
504 _aIncludes index.
650 0 _aPsychology.
_vPsychology.
650 0 _aPsychology
_xExaminations
_vStudy guides.
650 0 _aPsychology
_vProblems, exercises, etc.
650 0 _vEducation And Teaching .
942 _2lcc
_n0
_cBOOKS
_eSecond edition.
_hBF131 POP
_kBF
_mPOP
999 _c172007
_d172007